000 00367nam a2200133Ia 4500
008 231129s2002||||xx |||||||||||||| ||spa||
040 _bspa
082 _aCo861 R741p
100 _aRojas C. Rubén Darí­o
245 0 _aPara llenar tus sentidos: Poemas
260 _c2002
264 _aPereira Colombia : Papelerí­a y Litografí­a La Perla
942 _2ddc
_cBKS
999 _c22396
_d22396